- Goetschel, Ana María
Entry Nombre Personal
001 - NUMERO DE CONTROL
- campo de control: 44073
003 - IDENTIFICADOR DE NUMERO DE CONTROL
- campo de control: DLC
005 - FECHA Y HORA DE LA ÜLTIMA TRANSACCIÓN
- campo de control: 20220324085534.0
008 - DATOS DE LONGITUD FIJA
- campo de control de longitud fija: 980819n| acannaabn |a aaa c
010 ## - NÚMERO DE CONTROL DE LA BIBLIOTECA DEL CONGRESO
- Número de control LC: nr 98031227
040 ## - FUENTE DE CATALOGACIÓN
- Agencia original de catalogación: NIC
- Agencia de transcripción: NIC
- Agencia que lo modifica: DLC
- Agencia que lo modifica: MX-MxUPN
- Lenguaje de catalogación: spa
- Description conventions: rda
100 1# - ENCABEZAMIENTO - NOMBRE PERSONAL
- Nombre personal: Goetschel, Ana María
370 ## - LUGAR ASOCIADO
- Associated country: Ecuador
373 ## - GRUPO ASOCIADO
- Associated group: FLACSO Ecuador
374 ## - OCUPACIÓN
- Occupation: Historiadora
- Occupation: Profesora
375 ## - GÉNERO
- Gender: femenino
377 ## - LENGUA ASOCIADA
- Language code: spa
400 1# - VEÁSE - NOMBRE DE PERSONA
- Personal name: Goetschel Garzón, Ana María del Carmen
400 1# - VEÁSE - NOMBRE DE PERSONA
- Personal name: Garzón, Ana María del Carmen Goetschel
400 1# - VEÁSE - NOMBRE DE PERSONA
- Personal name: Carmen Goetschel Garzón, Ana María del
670 ## - FUENTE EN LA QUE SE LOCALIZARON DATOS
- Cita de la fuente: Breve historia de los servicios en la ciudad de Quito, c1997:
- Información localizada: portada (Ana María Goetschel)
670 ## - FUENTE EN LA QUE SE LOCALIZARON DATOS
- Cita de la fuente: Bib. van de Univ. van Amsterdam OPAC, May 29, 2008
- Información localizada: (hdg.: Carmen Goetschel Garzón, Ana María del)
670 ## - FUENTE EN LA QUE SE LOCALIZARON DATOS
- Cita de la fuente: Educación de las mujeres, maestras y esferas públicas, 2007:
- Información localizada: solapa delantera (Ana María Goetschel es historiadora y profesora asociada al Programa de Estudios de Género de FLACSO-Ecuador.)
